Distillation control : (Record no. 185008)
[ view plain ]
| 000 -LEADER | |
|---|---|
| fixed length control field | 00824 a2200205 4500 |
| 003 - CONTROL NUMBER IDENTIFIER | |
| control field | Nust |
| 005 - DATE AND TIME OF LATEST TRANSACTION | |
| control field | 20230119161917.0 |
| 010 ## - LIBRARY OF CONGRESS CONTROL NUMBER | |
| LC control number | 83011301 |
| 020 ## - INTERNATIONAL STANDARD BOOK NUMBER | |
| International Standard Book Number | 0070568944 : |
| 040 ## - CATALOGING SOURCE | |
| Transcribing agency | Nust |
| 082 00 - DEWEY DECIMAL CLASSIFICATION NUMBER | |
| Classification number | 660.28425,SHI |
| 100 1# - MAIN ENTRY--PERSONAL NAME | |
| Personal name | Shinskey, F. Greg. |
| 9 (RLIN) | 107155 |
| 245 10 - TITLE STATEMENT | |
| Title | Distillation control : |
| Remainder of title | for productivity and energy conservation / |
| Statement of responsibility, etc. | F.G. Shinskey. |
| 250 ## - EDITION STATEMENT | |
| Edition statement | 2nd ed. |
| 260 ## - PUBLICATION, DISTRIBUTION, ETC. | |
| Place of publication, distribution, etc. | New York : |
| Name of publisher, distributor, etc. | McGraw-Hill, |
| Date of publication, distribution, etc. | c1984. |
| 300 ## - PHYSICAL DESCRIPTION | |
| Extent | viii, 364 p. : |
| Other physical details | ill. ; |
| Dimensions | 24 cm. |
| 505 ## - FORMATTED CONTENTS NOTE | |
| Formatted contents note | Distillation Fundamentals (Page-1), Thermodynamics concepts (Page-27), Factors determining compositions (Page-60),Control System Structure (Page-91), Control loop interaction (page-131), Composition control (Page-167), Complex Processes (Page-233), Optimization (Page-317). |
| 650 #0 - SUBJECT ADDED ENTRY--TOPICAL TERM | |
| Topical term or geographic name entry element | Distillation. |
| 9 (RLIN) | 70437 |
| 942 ## - ADDED ENTRY ELEMENTS (KOHA) | |
| Source of classification or shelving scheme | |
| Koha item type | Book |
| Withdrawn status | Lost status | Source of classification or shelving scheme | Damaged status | Not for loan | Permanent Location | Current Location | Shelving location | Date acquired | Full call number | Barcode | Date last seen | Price effective from | Koha item type | Public note |
|---|---|---|---|---|---|---|---|---|---|---|---|---|---|---|
| Military College of Signals (MCS) | Military College of Signals (MCS) | General Stacks | 12/12/2016 | 660.28425,SHI | MCS21233 | 12/08/2016 | 12/12/2016 | Book | Almirah No.55, Shelf No.4 |
